000 00692 a2200181 4500
999 _c183131
_d183131
005 20211217112927.0
010 _aENG-130390
020 _c397.00
_a978-81-941197-3-9
035 _aEN-113922
037 _bDBAD/PUB
082 _a620.00151
_b1
245 _aEngineering Mathematics-1 Algebra and Calculus:
_b(Common to All branches for B. Tech First Year/
_cM. Changal Raju[Et...alt]
250 _a2019
260 _aHyderabad
_bM/s Amaravati Publications
_c2019
270 _a#326/C, Level-3, Surneni Nilayam Near B K Guda Park,
_bS R Nagar
_e500038
_k+91 4023710657, 238000657
_l+91 4023810657
300 _axvi,480p.
_c24cm (pbk)
942 _adpl
_cEN
_2ddc
_h620.00151
_mENG